Normal view
MARC view
- Mahmood ,Shahid
Entry Personal Name
001 - CONTROL NUMBER
- control field: 15363
003 - CONTROL NUMBER IDENTIFIER
- control field: NUST
005 - DATE AND TIME OF LATEST TRANSACTION
- control field: 20190624053211.0
008 - FIXED-LENGTH DATA ELEMENTS
- fixed length control field: 190624|| aca||aabn | a|a d
040 ## - CATALOGING SOURCE
- Original cataloging agency: NUST
- Transcribing agency: NUST
100 ## - HEADING--PERSONAL NAME
- Personal name: Mahmood ,Shahid
670 ## - SOURCE DATA FOUND
- Source citation: Work cat.: (NUST): Mahmood ,Shahid, Annotated Bibliogaphy of Research Theses /, 1998.
